Guess the US City by Picture - Statistics

General Stats
  • This quiz has been taken 76 times
  • The average score is 10 of 16
Answer Stats
Picture Answer % Correct
New York City
98%
San Francisco
98%
Washington DC
95%
Seattle
92%
Miami
80%
New Orleans
79%
St Louis
74%
Philadelphia
61%
Boston
50%
Salt Lake City
47%
Houston
38%
Atlanta
36%
Detroit
36%
Nashville
33%
Cleveland
26%
Des Moines
11%
No matching quizzes found
Score Distribution
Percent of People with Each Score
Percentile by Number Answered
Your Score History
You have not taken this quiz